| 000 | 00376nam a2200145Ia 4500 | ||
|---|---|---|---|
| 005 | 20250703023520.0 | ||
| 008 | 240331s9999 xx 000 0 und d | ||
| 082 |
_bSIR _a2477 |
||
| 100 | _aSiriwardena,E | ||
| 245 | 0 | _aSambhawana | |
| 260 |
_aKirilapane _bAilith Siriwardena Tribute Committee _c1995 |
||
| 300 | _a113 p., | ||
| 500 | _aA book on Eileen Siriwardena | ||
| 942 | _cL | ||
| 999 |
_c5335 _d5335 |
||